An introduction to the philosophy of science / (Record no. 120055)
[ view plain ]
| 000 -LEADER | |
|---|---|
| fixed length control field | 01212cam a2200301 a 4500 |
| 001 - CONTROL NUMBER | |
| control field | 654485 |
| 003 - CONTROL NUMBER IDENTIFIER | |
| control field | ARRUPE |
| 005 - DATE AND TIME OF LATEST TRANSACTION | |
| control field | 20141030020007.0 |
| 008 - FIXED-LENGTH DATA ELEMENTS--GENERAL INFORMATION | |
| fixed length control field | 940929r19951974nyua b 001 0 eng |
| 010 ## - LIBRARY OF CONGRESS CONTROL NUMBER | |
| LC control number | 94039458 |
| 020 ## - INTERNATIONAL STANDARD BOOK NUMBER | |
| International Standard Book Number | 0486283186 (pbk.) |
| 040 ## - CATALOGING SOURCE | |
| Original cataloging agency | DLC |
| Transcribing agency | DLC |
| Modifying agency | DLC |
| 050 00 - LIBRARY OF CONGRESS CALL NUMBER | |
| Classification number | QC6 |
| Item number | .C33 1994 |
| 300 ## - PHYSICAL DESCRIPTION | |
| Other physical details | ill. ; |
| Dimensions | 22 cm. |
| 100 1# - MAIN ENTRY--PERSONAL NAME | |
| Personal name | Carnap, Rudolf, |
| Dates associated with a name | 1891-1970. |
| 9 (RLIN) | 8648 |
| 240 10 - UNIFORM TITLE | |
| Uniform title | <a href="Philosophical foundations of physics">Philosophical foundations of physics</a> |
| 245 13 - TITLE STATEMENT | |
| Title | An introduction to the philosophy of science / |
| Statement of responsibility, etc | Rudolph Carnap ; edited by Martin Gardner. |
| 250 ## - EDITION STATEMENT | |
| Edition statement | Dover ed. |
| 260 ## - PUBLICATION, DISTRIBUTION, ETC. (IMPRINT) | |
| Place of publication, distribution, etc | New York : |
| Name of publisher, distributor, etc | Dover, |
| Date of publication, distribution, etc | 1995. |
| 300 ## - PHYSICAL DESCRIPTION | |
| Extent | xvi, 300 p. : |
| 500 ## - GENERAL NOTE | |
| General note | Originally published: Philosophical foundations of physics. New York : Basic Books, 1974. |
| 504 ## - BIBLIOGRAPHY, ETC. NOTE | |
| Bibliography, etc | Includes bibliographical references (p. 293-295) and index. |
| 650 #0 - SUBJECT ADDED ENTRY--TOPICAL TERM | |
| Topical term or geographic name as entry element | Physics |
| General subdivision | Philosophy. |
| 9 (RLIN) | 8649 |
| 700 1# - ADDED ENTRY--PERSONAL NAME | |
| Personal name | Gardner, Martin, |
| Dates associated with a name | 1914-2010. |
| 9 (RLIN) | 8650 |
| 856 42 - ELECTRONIC LOCATION AND ACCESS | |
| Materials specified | Publisher description |
| Uniform Resource Identifier | <a href="http://www.loc.gov/catdir/description/dover031/94039458.html">http://www.loc.gov/catdir/description/dover031/94039458.html</a> |
| 906 ## - LOCAL DATA ELEMENT F, LDF (RLIN) | |
| a | 7 |
| b | cbc |
| c | orignew |
| d | 1 |
| e | ocip |
| f | 19 |
| g | y-gencatlg |
| 942 ## - ADDED ENTRY ELEMENTS (KOHA) | |
| Source of classification or shelving scheme | Library of Congress Classification |
| Koha item type | Monograph ( Printed materials) |
| Koha issues (borrowed), all copies | 6 |
| Withdrawn status | Lost status | Source of classification or shelving scheme | Damaged status | Not for loan | Home library | Current library | Shelving location | Date acquired | Total Checkouts | Full call number | Barcode | Date last seen | Date checked out | Price effective from | Koha item type |
|---|---|---|---|---|---|---|---|---|---|---|---|---|---|---|---|
| Library of Congress Classification | ARRUPE LIBRARY | ARRUPE LIBRARY | Main Collection | 13/02/2014 | 13 | QC6 .C33 1994 | 46500002278 | 13/12/2019 | 15/10/2019 | 13/02/2014 | Monograph ( Printed materials) |